Circuitos provistos de componentes semiconductores

Guardat en:
Dades bibliogràfiques
Autors principals: Gelder, Erich (Autor), Hirschmann, Walter (Autor)
Format: Llibre
Idioma:espanyol
Publicat: Madrid Dossat 1971
Matèries:
Etiquetes: Afegir etiqueta
Sense etiquetes, Sigues el primer a etiquetar aquest registre!

MARC

LEADER 00000nam a2200000 a 4500
001 UCU6052
003 CL-VaPUC
008 960614e19710000SP |||||||||||||||||spa|d
082 0 4 |a 621.381  |b GEL  |2 21 
100 |a Gelder, Erich  |e author  |9 364166 
700 0 |a Hirschmann, Walter  |e author  |9 364167 
245 1 0 |a Circuitos provistos de componentes semiconductores 
300 |a 2 v 
942 |c BK 
945 |d 19960614 00:00:00  |a lriquelm 
260 |a Madrid  |b Dossat  |c 1971 
500 |a v.1: Fundamentos y ejemplos de aplicación en baja frecuencia 
500 |a v.2: Ejemplos con transistores y circuitos integrados 
650 0 |a Circuitos electrónicos  |9 260204 
650 7 |a DISPOSITIVOS SEMICONDUCTORES  |2 CL-VaPUC  |9 361201 
650 7 |a DIODOS SEMICONDUCTORES  |2 CL-VaPUC  |9 364168 
650 0 |a Amplificadores   |9 338119 
650 7 |a CORRIENTES CONTINUAS  |2 CL-VaPUC  |9 324433 
650 7 |a REPETIDORES  |2 CL-VaPUC  |9 363106 
650 7 |a FRECUENCIAS  |2 CL-VaPUC  |9 360857 
583 |a last modification  |c 20150713 14:25:58  |k Rodrigo Vera 
999 |c 249123  |d 249121 
952 |0 0  |1 0  |4 0  |6 621_381000000000000_GEL_1971  |7 0  |8 P  |9 266166  |a BIBING  |b BIBING  |d 2019-11-19  |h v.1  |i 1680994  |o 621.381 GEL 1971  |p 1680994  |r 2025-01-20  |w 2019-11-19  |y BK  |k ING